000 00417nam a22001577a 4500
020 _a9789692292026
082 _a613.43
_bABB
100 _aAbbas, Ghulam
245 _aPani k liay ap k jism ki cheekh o pukar/
_cGhulam Abbas
260 _aRawalpindi:
_bPakistan National Heart Association;
_c2016.
300 _a192p
563 _aHB
650 _aHydration
_9130748
650 _aWater
942 _2ddc
_cBK
999 _c614929
_d614929